书目信息 |
| 题名: |
经济全球化与中国城市发展
|
|
| 作者: | 顾超林 著 | |
| 分册: | ||
| 出版信息: | 北京 商务印书馆 1999.11 |
|
| 页数: | 337页 | |
| 开本: | 32开 | |
| 丛书名: | ||
| 单 册: | ||
| 中图分类: | F299.2 | |
| 科图分类: | ||
| 主题词: | 城市经济 , 市政经济 | |
| 电子资源: | ||
| ISBN: | 7-100-02880-9 | |
| 000 | 00603nam0 2200205 45 | |
| 001 | 0009192084 | |
| 005 | 20000919204818.3 | |
| 010 | @a7-100-02880-9@d25.00元 | |
| 100 | @a20000919d1999 km y0chiy0120 ea | |
| 101 | 0 | @achi |
| 105 | @a z 000yy | |
| 200 | 1 | @a经济全球化与中国城市发展@AJing Ji Quan Qiu Hua Yu Zhong Guo Cheng Shi Fa Zhan@f顾超林等著@FGu Chao Lin Deng Zhu |
| 210 | @a北京@c商务印书馆@d1999.11 | |
| 215 | @a337页@d32开 | |
| 606 | 0 | @a城市经济 |
| 606 | 0 | @a市政经济 |
| 690 | @aF299.2@v3 | |
| 701 | 0 | @a顾超林@4著 |
| 801 | @aCN@bPftUser@c20000919 | |
| 905 | @b149681-683@dF299.2@eG445@f3 | |
| 经济全球化与中国城市发展/顾超林等著.-北京:商务印书馆,1999.11 |
| 337页;32开 |
| ISBN 7-100-02880-9:25.00元 |
| ● |
| 相关链接 |
|
|
|
正题名:经济全球化与中国城市发展
索取号:F299.2/G445
 
预约/预借
| 序号 | 登录号 | 条形码 | 馆藏地/架位号 | 状态 | 备注 |
| 1 | 149681 | 201496817 | 社科二线422/409社科库 114排2列1层/ [索取号:F299.2/G445] | 在馆 | |
| 2 | 149682 | 201496826 | 社科二线422/409社科库 114排2列1层/ [索取号:F299.2/G445] | 在馆 | |
| 3 | 149683 | 201496835 | 社科库409/409社科库 114排1列6层/ [索取号:F299.2/G445] | 在馆 |